=LDR 00000nam 2200000 4500 =001 NUTBA000000000002286 =005 20140611111731.0 =006 =007 =008 =020 ##$$a 979-744-460-0 =035 ##$$a 0010-061400000000229 =040 ##$$a NBPDMAT =082 ##$$a 638.572 6 =090 ##$$a 638.752 6 $b Bay b =100 ##$$a P.P.Bayu S =245 ##$$a Budidaya jangkrik / $c P.P.Bayu S ; editor, Sokrates & Liza =260 ##$$a Jakarta : $b Azka Press, (s.a) =300 ##$$a 51 hlm. : $b ilus. ; $c 21 cm. =650 ##$$a Jangkrik - Budidaya =700 ##$$a Sokrates & Liza =850 ##$$a NBPDMAT =990 ##$$a 21401747